| Tag |
First Indicator |
Second Indicator |
Subfields |
| LEADER |
00000cam a2200000 a 4500 |
| 001 |
in00002056421 |
| 005 |
20151101174520.0 |
| 008 |
041223s2005 mdu b 001 0 eng |
| 010 |
|
|
|a 2004029876
|
| 020 |
|
|
|a 0810854414 (pbk. : alk. paper)
|
| 035 |
|
|
|a (OCoLC)ocm57357488
|
| 040 |
|
|
|a DLC
|c DLC
|d TXA
|d UtOrBLW
|
| 049 |
|
|
|a TXAM
|
| 050 |
0 |
0 |
|a PS3537.T3234
|b Z755 2005
|
| 082 |
0 |
0 |
|a 813/.52
|2 22
|
| 245 |
0 |
4 |
|a The moral philosophy of John Steinbeck /
|c edited by Stephen K. George.
|
| 264 |
|
1 |
|a Lanham, Md. :
|b Scarecrow Press,
|c 2005.
|
| 300 |
|
|
|a xv, 201 pages ;
|c 23 cm.
|
| 336 |
|
|
|a text
|b txt
|2 rdacontent
|
| 337 |
|
|
|a unmediated
|b n
|2 rdamedia
|
| 338 |
|
|
|a volume
|b nc
|2 rdacarrier
|
| 504 |
|
|
|a Includes bibliographical references (pages 183-192) and index.
|
| 505 |
0 |
|
|a John Steinbeck's lower-case utopia / Patrick K. Dooley -- John Steinbeck and the morality of roles / Joseph Allegretti -- John Steinbeck / John H. Timmerman -- "I want to make 'em happy" / John J. Han -- The existential vacuum and Ethan Allen Hawley / Barbara A. Heavilin -- Moral experience in Of Mice and Men / Richard E. Hart -- Of death, life, and virtue in Steinbeck's Of Mice and Men and The Grapes of Wrath / Allene M. Parker -- Judging Elisa Allen / Terry Gorton -- The power of strange faces / Michael D. Hansen -- The emotional content of cruelty / Stephen K. George -- "No sanctuary" / Sarah Appleton Aguiar -- Business, sex, and ethics in The Wayward Bus / Joseph Allegretti -- "The disintegration of a man" / Stephen K. George.
|
| 600 |
1 |
0 |
|a Steinbeck, John,
|d 1902-1968
|x Ethics.
|
| 650 |
|
0 |
|a Moral conditions in literature.
|
| 650 |
|
0 |
|a Ethics in literature.
|
| 700 |
1 |
|
|a George, Stephen K.,
|d 1965-
|
| 948 |
|
|
|a cataloged
|b h
|c 2005/7/25
|d c
|e dmitchel
|f 12:30:20 pm
|
| 994 |
|
|
|a C0
|b TXA
|
| 999 |
|
|
|a MARS
|
| 999 |
f |
f |
|s d5138acc-8ac7-3667-ba1e-7e06de2789ee
|i 76116b7b-ba56-3190-9d98-6897e7923890
|t 0
|
| 952 |
f |
f |
|p ric
|a Texas A&M University
|b Rellis Campus
|c Joint Library Facility
|d Remote Storage
|t 0
|e PS3537.T3234 Z755 2005
|h Library of Congress classification
|i unmediated -- volume
|m A14832800035
|
| 998 |
f |
f |
|a PS3537.T3234 Z755 2005
|t 0
|l Remote Storage
|